| 000 | 00675nam a22002412a 4500 | ||
|---|---|---|---|
| 001 | 27987 | ||
| 003 | BD-RjUL | ||
| 005 | 20211209051226.0 | ||
| 008 | 140329t1964 enk b 001 0 eng d | ||
| 035 | _a(BD-RjUL)28068 | ||
| 040 |
_aWSU _cWSU _dOCL _dUKM _dEQO _dBD-RjUL _beng |
||
| 041 | 1 | _aengspa | |
| 082 | 0 | 0 |
_a987 _218 _bMOH 1964 |
| 090 |
_aF2321 _b.M653 |
||
| 100 | 1 |
_aMorĂ³n, Guillermo. _985851 |
|
| 245 | 1 | 2 | _aA history of Venezuela / |
| 260 |
_aLondon : _bGeorge Allen & Unwin Ltd, _cc1964 |
||
| 300 |
_a268 p.; _c24 cm. |
||
| 504 | _aIncludes bibliographical references and index. | ||
| 651 | 0 |
_aVenezuela _xHistory _985852 |
|
| 942 |
_2ddc _cBK |
||
| 999 |
_c27987 _d27987 |
||